000 01568cam a22004217a 4500
001 000093777
003 CHAP
005 20220329142951.0
008 050506d2005 mx r 00110 spa d
010 _a90243
011 _a91215
035 _a101773
040 _cCHAP
090 _aTesis
100 0 0 _aPacheco Díaz, Avito.
_984546
245 1 0 _aPerspectivas de exportación de aguacate a Japón en el marco del acuerdo (México - Japón) /
_c/por Avito Pacheco Díaz.
260 _aChapingo, Méx. :
_bEl autor,
_c2005.
300 _a96 h. :
_bgráfs.
502 _aTesis (Lic. en Comercio Internacional de Productos Agropecuarios) - - UACH. División de Ciencias Económico Administrativas
590 _aALEPH
_b10
_c20130110
_lUCH01
_h1505
590 _aBATCH-UPD
_b10
_c20130110
_lUCH01
_h0403
590 _aBATCH-UPD
_b10
_c20130410
_lUCH01
_h0036
590 _aBATCH-UPD
_b10
_c20130913
_lUCH01
_h1923
590 _aBATCH-UPD
_b10
_c20140324
_lUCH01
_h1450
590 _aBATCH-UPD
_b10
_c20141002
_lUCH01
_h0826
590 _aCONVERSION
_b10
_c20130109
_lUCH01
_h1350
590 _aE5765TAJ
_b10
_c20130619
_lUCH01
_h0932
650 1 4 _aAcuerdo de Asociacion Económica México -- Japón.
_9754
650 1 4 _aAguacate
_xExportacion.
_92515
650 1 4 _aAguacate
_xMercadeo.
_92534
856 _3Finding aid
_uhttp://10.13.5.2/tesis/101773.pdf
_zTeclea aquí
901 _aBK
905 _aLilia
942 _cCD
942 _n0
949 _aTesis
_bBC
_cTES
_d1017731
_eTS1
_h43843
_i101773
_sb
949 _aTesis
_bBC
_cTES
_d33724000949632
_eTS2
_fc.2
_h43844
_i101773
_si
999 _c90243
_d90243